01886naa a2200265 a 450000100080000000500110000800800410001910000200006024500840008026000090016452011220017365300180129565300220131365300200133565300220135565300200137770000180139770000190141570000170143470000180145170000190146970000240148870000190151277300890153110832872012-01-26 2011 bl uuuu u00u1 u #d1 aPITTA, C. S. R. aDual-purpose wheat grain and animal production under different grazing periods. c2011 aO objetivo deste trabalho foi avaliar a influ??ncia de diferentes per??odos de pastejo na produ????o de carne bovina, de forragem e de gr??os de trigo. O experimento foi conduzido em Pato Branco, PR. Foram avaliados seis per??odos de pastejo (0, 21, 42, 63, 84 e 105 dias) com a cultivar de trigo de duplo prop??sito BRS Tarum??. Novilhos Purun??, com peso vivo m??dio de 162 kg e idade de dez meses, foram mantidos em pastejo cont??nuo, com taxa de lota????o vari??vel, para manter a altura de pastejo estabelecida de 25 cm. Maior ganho animal por ??rea (GA) foi encontrado em per??odos mais longos de pastejo. No entanto, houve pouca diferen??a ap??s 63 dias (490 kg ha-??), e o GA diminuiu de 552 para 448 kg ha-??, entre 84 e 105 dias. A produtividade de gr??os diminuiu de 2.830 para 610 kg ha-?? com o aumento do per??odo de pastejo de 0 para 105 dias, mas mudou pouco ap??s 63 dias (750 kg ha-??). A cultivar BRS Tarum?? apresenta excelente potencial para a produ????o animal, e a decis??o quanto ao per??odo de utiliza????o do trigo para pastejo deve ser baseada nos pre??os relativos de gr??os e dos animais. aGanho de peso aMassa de forragem aNovilho Purun?? aTriticum aestivum aValor nutritivo1 aSOARES, A. B.1 aASSMANN, T. S.1 aADAMI, P. F.1 aSARTOR, L. R.1 aMIGLIORINI, F.1 aSOLLENBERGER, L. E.1 aASSMANN, A. L. tPesquisa Agropecu??ria Brasileira, Bras??liagv. 46, n. 10, p. 1385-1391, out. 2011.